Départements de l'Uruguay (carte) - Statistiques

Statistiques générales
  • Ce quiz a été pris 159 fois
  • Le résultat moyen est 8 sur 19
Réponses sur la Carte
Les réponses sont colorées sur une échelle allant du rouge au vert en fonction du pourcentage des utilisateurs qui les ont devinées à leur premier essai. Vous pouvez retrouver ces pourcentages ci-dessous.
 
Statistiques - réponses
Réponse % Correct
Montevideo
100%
Maldonado
50%
Río Negro
50%
Rocha
50%
Treinta y tres
50%
Artigas
44%
Canelones
44%
Paysandú
44%
Rivera
44%
Salto
44%
Colonia
38%
Lavalleja
38%
Soriano
38%
Tacuarembó
38%
Cerro Largo
31%
Durazno
31%
Flores
31%
Florida
31%
San José
31%
Aucun quiz correspondant
Distribution des résultats
% des personnes avec chaque résultat
Percentile par nombre de réponses
Votre historique - résultats
Vous n’avez pas pris ce quiz